| 000 | 00740nam a2200169 a 4500 | ||
|---|---|---|---|
| 008 | 081205s2004 ||||||||||||||||| || u | ||
| 020 | _a0340873124 | ||
| 050 | _aHF 5635 Har | ||
| 100 | _aHarrison, Ian | ||
| 245 | 1 | 0 | _aAdvanced accounting for A2 |
| 260 |
_aLondon _bHodder Arnold _c2004 |
||
| 300 | _avi, 385p.: ill | ||
| 350 | _a0.00 | ||
| 650 | 0 | _aACCOUNTING--HANDBOOKS, MANUALS, ETC | |
| 995 |
_aMAIN LIBRARY OPEN ACCESS _D130000.00 _e739307 _FCBU-MAIN LIBRARY (Kitwe) _H1 _I0.00 _jHF 5635 Har _M1 _UAVAILABLE _WJan 9, 2009 _y739307 _ZMain Library Open Access Collection |
||
| 995 |
_aMAIN LIBRARY OPEN ACCESS _D0.00 _e740024 _FCBU-MAIN LIBRARY (Kitwe) _H1 _I0.00 _jHF 5635 Har _M2 _UAVAILABLE _WMay 14, 2009 _y740024 _ZMain Library Open Access Collection |
||
| 999 |
_c83682 _d83682 |
||